Loading...
Literature - World/Other Literature | 0 | 5 | 0 | 0 | 50 | 77 | 95.20 | 0 | 3 |
Literature - British Literature | 0 | 4 | 0 | 1 | 40 | 101 | 114.00 | 0 | 0 |
History - Other History | 0 | 4 | 0 | 1 | 40 | 42 | 62.75 | 1 | 3 |
History - American History | 0 | 4 | 1 | 1 | 35 | 63 | 77.50 | 0 | 0 |
Geography/Current Events | 0 | 3 | 0 | 0 | 30 | 73 | 89.00 | 1 | 2 |
Science - Chemistry | 0 | 3 | 0 | 0 | 30 | 32 | 56.67 | 1 | 2 |
History - World History | 0 | 4 | 2 | 1 | 30 | 55 | 87.25 | 0 | 1 |
Science - Biology | 0 | 4 | 2 | 0 | 30 | 41 | 66.25 | 2 | 3 |
Social Science | 0 | 3 | 1 | 1 | 25 | 61 | 84.00 | 0 | 1 |
Fine Arts - Classical Music | 0 | 3 | 2 | 2 | 20 | 94 | 97.00 | 0 | 1 |
Fine Arts - Visual Fine Arts | 0 | 2 | 0 | 0 | 20 | 43 | 69.00 | 0 | 2 |
Philosophy | 0 | 2 | 0 | 0 | 20 | 18 | 51.00 | 1 | 1 |
Fine Arts - Other Fine Arts | 0 | 2 | 1 | 0 | 15 | 51 | 91.50 | 1 | 2 |
Literature - American Literature | 0 | 1 | 0 | 0 | 10 | 113 | 113.00 | 0 | 1 |
Literature - European Literature | 0 | 1 | 1 | 1 | 5 | 114 | 114.00 | 0 | 1 |
History - European History | 0 | 0 | 1 | 0 | -5 | 0.00 | 0 | 0 | |
Science - Other Science | 0 | 0 | 1 | 0 | -5 | 0.00 | 0 | 0 |